000 00656nam a2200205Ia 4500
005 20260121110212.0
008 008 260114s9999 xx 000 0 hin d
020 _a9788132300953
037 _aEBOOK
040 _aCRL
_bhin
_cCRL
041 _ahin
_2hin
084 _qCRL
100 _aविनोद कुमार / Vinod Kumar
_9943284
245 0 _aपश्चिमी शिक्षा दर्शन / Paschimi shiksha darshan
260 _bभाषा प्रकाशन / Bhasha Prakashan
_c2020
856 _uhttps://bhashaprakashan.com/product-details/377761
942 _cEBOOK
999 _c1534949
_d1534949